00917nam a2200241 a 4500001001000000003000500010005001700015008004100032010001100073011001100084020001900095040000900114245018400123260004900307300002700356650005100383650004000434650002700474650004400501700004900545700004300594700003800637000114917CHAP20220329144504.0180807s2017 mx a |s| |||0|||spa d a111378 a112350 a9786071204752  cCHAP00aPatrimonio biocultural experiencias integradoras /h[Disco compacto]ccoordinado por Fermín Carreño Meléndez, Clarita Rodríguez Soto y José Alfredo Castellanos Suárez. aMéxico :bUACH. Sociología Rural,c2017. a1 CD ROM ;c4 3/4 plg.14aComunidades ruralesxVida social y costumbres.14aConservación de la biodiversidad.14aEcosistemaszMéxico.14aHombrexInfluencia sobre la naturaleza.0 aCastellanos Suárez, José Alfredoecoord.1 aCarreño Meléndez, Fermínecoord.1 aRodríguez Soto, Claritaecoord.